000 01121nam a2200229 4500
005 20250501095805.0
008 250501b |||||||| |||| 00| 0 eng d
020 _a9789355202802
037 _cTextual
040 _aRTL
_cRTL
084 _aX7:(G:55).2 R2
_qRTL
100 _aSingh, N.K.
_9387438
245 _aRecalibrate: Changing paradigms
260 _aNew Delhi
_bRupa Publications
_c2022
300 _axviii, 323 p. ill.
_bIncludes index
520 _aThe world today is in constant flux. However, rarely has the pace of change been so multidimensional; faster than our ability to adjust. Geopolitics is changing; the land wars in Europe are evolving; technology is offering newer possibilities every day; climate change is making long-term survival look difficult; and the biology of the pandemic continues to surprise us. None of this may be new, but their constellation is perhaps unique.
650 _aGovernance- Bureaucrats- Politicians
_9753609
650 _aPublic Health
650 _aReforms- Economy- India
_9753610
700 _eMishra, P.K.
942 _2CC
_n0
_cTB
_hX7:(G:55).2 R2
999 _c1309856
_d1309856